000 02643nam a22002657a 4500
005 20240305165527.0
007 cr|||| ||||
008 190808s2018 mx |||||s|||| 00||0 spa d
020 _a978-607-8628-30-8
035 _a23909
040 _avLex
090 _c9129
_d9129
100 1 _aMathelín Leyva, Carlos R.
245 1 0 _aEstudio del régimen fiscal de empresas constructoras
_h[Recurso electrónico] /
_cCarlos R. Mathelín Leyva
256 _aServicio en línea
260 _aCiudad de México:
_bInstituto Mexicano de Contadores Públicos,
_c2019
300 _a1 recurso electrónico
500 _aLa literatura fiscal acerca de la industria de la construcción es escasa; por ello, debido a su carácter multidisciplinario, Estudio del régimen fiscal de empresas constructoras es indispensable y de gran utilidad para las autoridades fiscales, los arquite ctos, ingenieros, analistas, investigadores y estudiantes, así como para empresarios dedicados a esta actividad. C omo una consecuencia del crecimiento de la industria constructora en nuestro país, las autoridades fiscales han considerado conveniente modifi car las reglas de tributación, pues esta área es uno de los soportes más sólidos de la economía mexicana. En esta obra se facilitan elementos importantes, los cuales se clasifican en los siguientes apartados: » Conceptos generales de la industria de la con strucción. » Tratamiento contable de los ingresos y costos de contratos de construcción. » Impuesto sobre la renta. » Impuesto al valor agregado. » Otros impuestos y derechos. Esta edición presenta información actualizada con las disposiciones previstas en las leyes del ISR, IVA, la Resolución Miscelánea Fiscal para 2018 y el DOF del 19 de diciembre de 2018. Además, presenta una serie de propuestas con respecto al: Programa Nacional de Desarrollo Urbano General y Regional, financiamiento a largo plazo, estímulos fiscales, anticipos de obra, fomento a la inversión de activos fijos. desarrollo profesional continuo de Contadores y financieros, de manera que sea una herramienta útil para su desempeño.
506 1 _aDisponible solo en los productos indicados
_dvLex Global
_dvLex Global (Academic Edition, excluding Law Schools)
_dvLex Global (U.S. Academic Edition, Law Schools)
_dvLex Global (U.S. Academic Edition, excluding Law Schools)
_dvLex Global (Academic Edition, Law Schools)
650 0 4 _aDerecho Fiscal
_zMéxico
650 0 4 _aIVA
_zMéxico
740 0 _avLex Libros (Servicio en línea)
856 4 0 _uhttps://app.vlex.com/#/sources/estudio-del-regimen-fiscal-de-empresas-constructoras-23909
942 _cRAA
999 _c167366
_d167366